Statystyki dla Pierwiastki na literę S

Kliknij tutaj aby rozwiązać quiz!

Ogólne statystyki

  • Ten quiz został rozwiązany 154 razy
  • Średni wynik to 5 z 8

Statystyki odpowiedzi

Odpowiedź% Poprawnych
4.Siarka
97%
3.Selen
77%
6.Sód
69%
7.Srebro
55%
8.Stront
55%
5.Skand
45%
1.Samar
33%
2.Seaborg
30%

Rozkład punktacji

Percentyl według liczby udzielonych odpowiedzi

Procent ludzi z każdym wynikiem

Twoja historia wyników

Nie rozwiązałeś tego quizu